UK Towns Quiz - Bedfordshire - Extreme - Statistics

General Stats
  • This quiz has been taken 127 times
    123 since last reset
  • The average score is 10 of 46
Answer Stats
Clue Population Name of Town % Correct
B 106,940 Bedford
100%
L 258,018 Luton
99%
D 34,487 Dunstable
75%
L 37,469 Leighton Buzzard
74%
F 20,026 Flitwick
65%
B 16,551 Biggleswade
50%
S 11,657 Sandy
49%
H 1,311 Houghton Conquest
40%
S 10,816 Shefford
33%
H 18,818 Houghton Regis
25%
B 4,992 Barton-le-Clay
24%
C 2,369 Clophill
22%
H 2,297 Harlington
22%
C 4,560 Clapham
21%
T 4,585 Toddington
21%
P 4,870 Potton
19%
A 5,584 Arlesey
18%
B 4,670 Bromham
18%
S 6,838 Stotfold
18%
W 4,344 Wootton
18%
C 3,112 Caddington
14%
C 5,369 Cranfield
14%
M 3,850 Marston Moretaine
14%
S 1,795 Sharnbrook
14%
S 1,190 Stewartby
14%
E 3,912 Eaton Bray
11%
M 1,745 Meppershall
11%
S 1,477 Shillington
11%
S 1,791 Silsoe
11%
M 2,357 Maulden
10%
O 2,493 Oakley
10%
S 3,857 Stondon
10%
H 1,691 Harrold
8%
L 3,091 Langford
8%
S 2,401 Shortstown
7%
G 2,003 Great Barford
6%
H 1,346 Heath and Reach
6%
L 1,185 Lidlington
6%
R 1,286 Riseley
6%
W 2,147 Westoning
6%
G 1,831 Greenfield
4%
K 1,455 Kensworth
4%
S 1,358 Slip End
4%
C 1,396 Campton
1%
S 1,044 Stanbridge
1%
W 2,177 Wilshamstead
0%
No matching quizzes found
Score Distribution
Percent of People with Each Score
Percentile by Number Answered
Your Score History
You have not taken this quiz since the last reset